British History by Letter - V - Statistics

General Stats
  • This quiz has been taken 589 times
  • The average score is 7 of 9
Answer Stats
Hint Answer % Correct
US state that became the first permanent English colony in North America Virginia
98%
Right given to women following successive suffrage movements Vote
97%
Former French royal residence that saw the signing of a peace treaty bringing an end to WWI Versailles
96%
Nickname given to Elizabeth I for her insistence of being married to her kingdom and subjects Virgin Queen
95%
British monarch that died on the Isle of Wight Queen Victoria
93%
Method of disease prevention pioneered by physician Edward Jenner Vaccination
93%
Day of celebration marking Germanys unconditional surrender at the end of WWII VE Day
77%
Royal Navy flagship during the Battle of Trafalgar HMS Victory
75%
Client king of the Roman empire whose deposition was used as a pretext for their invasion Verica
2%
No matching quizzes found
Score Distribution
Percent of People with Each Score
Percentile by Number Answered
Your Score History
You have not taken this quiz